000
00325nam a2200133Ia 4500
008
150301s2015 xx 000 0 und d
082
_a
614
_b
H15G
100
_a
A.K GUPTA
245
_a
HB. OF HEALTH EDUCATION & COMMUNITY PHARMACY
260
_b
CBS- DELHI
300
_a
300
650
_a
COMMUNITY PHARMACY
942
_2
ddc
_c
BK
999
_c
7078
_d
7078